[Event "Torcy op-B"]
[Site "Torcy"]
[Date "1991.??.??"]
[Round "?"]
[White "Matthes, A."]
[Black "Valentin, Rene"]
[Result "0-1"]
[WhiteElo "1880"]
[BlackElo "2090"]
[PlyCount "80"]
[EventDate "1991.04.??"]
[EventType "swiss"]
[EventRounds "9"]
[EventCountry "FRA"]
[SourceTitle "TD"]
[Source "ChessBase"]
[SourceDate "1994.03.01"]
[SourceVersion "1"]
[SourceVersionDate "1994.03.01"]
[SourceQuality "1"]

1. d4 Nf6 2. c4 e6 3. Nc3 Bb4 4. Bg5 h6 5. Bh4 c5 6. d5 Bxc3+ 7. bxc3 d6 8. e3 e5 9. f3 0-0 10. e4 Nbd7 11. Bd3 Re8 12. Ne2 Nf8 13. Bf2 Rb8 14. 0-0 Ng6 15. Qd2 Nd7 16. Be3 a6 17. Ng3 Nf6 18. f4 Ng4 19. f5 Nxe3 20. Qxe3 Nf4 21. Ne2 b5 22. Nxf4 exf4 23. Qxf4 Qf6 24. Qd2 bxc4 25. Bxc4 Rxe4 26. Bd3 Re5 27. c4 Bd7 28. Qf2 Rbe8 29. Rab1 Re3 30. Rbd1 Ba4 31. Rd2 Bd7 32. Bc2 R8e5 33. h3 h5 34. Kh2 h4 35. Qf4 a5 36. Rf3 Re1 37. Rdf2 Be8 38. g4 hxg3+ 39. Rxg3 R1e2 40. Qg4 Rxf2+ 0-1